| 000 | 00620nam a22001937a 4500 | ||
|---|---|---|---|
| 999 |
_c20616 _d20616 |
||
| 003 | AR-CdUCM | ||
| 008 | 190410b ||||| |||| 00| 0 spa d | ||
| 040 |
_aMUNICIPALIDAD PROVINCIAL DEL CUSCO _cBIBLIOTECA MUNICIPAL DEL CUSCO |
||
| 082 |
_a869.009 / _bL56 |
||
| 100 |
_aLezama Lima, José _943083 |
||
| 245 | _aHistoria de la literatura latinoamericana / | ||
| 260 |
_aColombia : _bOveja negra, _c1968. |
||
| 300 |
_a468 páginas ; _c20.5 cm. |
||
| 505 | _aContenido: Novela -- Paradiso. | ||
| 650 |
_aLiteratura latinoamericana _91143 |
||
| 650 |
_aHistoria y crítica _95993 |
||
| 942 |
_2ddc _cLIBROS |
||
| 945 | _arcc | ||